| 000 | 00462nam a2200217Ia 4500 | ||
|---|---|---|---|
| 001 | 110703 | ||
| 003 | YMCAF | ||
| 005 | 20230512162425.0 | ||
| 008 | 100717s2004 ||||||||||||||||| ||und|d | ||
| 024 | _a110703 | ||
| 035 | _aWB1690 | ||
| 040 |
_aYMCAF _beng _cIN-KoLT |
||
| 041 | _aeng | ||
| 082 |
_a621.381 _b5 MIL |
||
| 100 | _aMillman/Grabel | ||
| 245 | 0 | _aMicroelectronics | |
| 250 | _a2nd | ||
| 260 |
_bTMH _c2004 |
||
| 300 | _a1001 | ||
| 942 |
_2ddc _cBK |
||
| 999 |
_c11960 _d11960 |
||